Clubs de football éternels seconds en Ligue des Champions - Statistiques

Statistiques générales
  • Ce quiz a été pris 1 271 fois
  • Le résultat moyen est 10 sur 19
Statistiques - réponses
# Année(s) Pays Club % Correct
1 2020 France Paris Saint-Germain
97%
3 1974, 2014, 2016 Espagne Atlético de Madrid
91%
1 2004 France AS Monaco
79%
1 2019 Angleterre Tottenham Hotspur
79%
2 1956, 1959 France Stade de Reims
77%
1 2006 Angleterre Arsenal FC
74%
2 2000, 2001 Espagne Valence CF
73%
1 1976 France AS Saint-Étienne
67%
1 2002 Allemagne Bayer 04 Leverkusen
63%
1 1984 Italie AS Rome
60%
1 1979 Suède Malmö FF
49%
1 1978 Belgique Club Bruges
47%
1 1957 Italie ACF Fiorentina
36%
1 1971 Grèce Panathinaïkós
29%
1 1992 Italie UC Sampdoria
24%
1 1966 Serbie Partizan Belgrade
21%
1 1960 Allemagne Eintracht Francfort
20%
1 1975 Angleterre Leeds United
16%
1 1977 Allemagne Borussia Mönchengladbach
15%
Aucun quiz correspondant
Distribution des résultats
% des personnes avec chaque résultat
Percentile par nombre de réponses
Votre historique - résultats
Vous n’avez pas pris ce quiz